000 00299nam a2200133Ia 4500
005 20251222144854.0
008 251222s9999||||xx |||||||||||||| ||spa||
082 _a851.91/P27E
100 _aPasolini, Pier Paolo
245 0 _aTeorema
250 _a8a.ed.
264 _bSudamericana
942 _cLIB
999 _c21711
_d21711